Regional Study of telecom technology option for Indian rural education / (Record no. 37191)
[ view plain ]
| 000 -LEADER | |
|---|---|
| fixed length control field | 00514nam a2200157Ia 4500 |
| 041 ## - LANGUAGE CODE | |
| Language code of text/sound track or separate title | English |
| 082 ## - DEWEY DECIMAL CLASSIFICATION NUMBER | |
| Classification number | RP.0357 |
| 100 ## - MAIN ENTRY--AUTHOR NAME | |
| Personal name | Pande, Milind |
| Affiliation | Indian Institute of Foreign Trade |
| Place | New Delhi |
| 245 #0 - TITLE STATEMENT | |
| Title | Regional Study of telecom technology option for Indian rural education / |
| Statement of responsibility, etc | Milind Pande |
| 260 ## - PUBLICATION, DISTRIBUTION, ETC. (IMPRINT) | |
| Place of publication | New Delhi : |
| Name of publisher/Sponsor | ICSSR, |
| Year of publication | 2010 |
| 300 ## - PHYSICAL DESCRIPTION | |
| Number of Pages | xxxi, 371p ; |
| 504 ## - BIBLIOGRAPHY, ETC. NOTE | |
| Bibliography, etc | Include bibliographical references. |
| 536 ## - FUNDING INFORMATION NOTE | |
| Funding Agency | Indian Council of Social Science Research. |
| 546 ## - LANGUAGE NOTE | |
| Language note | English |
| 942 ## - ADDED ENTRY ELEMENTS (KOHA) | |
| Koha item type | Research Reports |
| Source of classification or shelving scheme | Dewey Decimal Classification |
| Withdrawn status | Lost status | Damaged status | Not for loan | Collection code | Home library | Current library | Date acquired | Source of acquisition | Full call number | Accession Number | Koha item type |
|---|---|---|---|---|---|---|---|---|---|---|---|
| Not For Loan | Post Doctoral Research Fellowship Reports | NASSDOC Library | NASSDOC Library | 11/10/2022 | Gifted by: Research Fellowship Division | RP.0357 | 52394 | Research Reports |
